Emotional communities in the early Middle Ages

Αποθηκεύτηκε σε:
Λεπτομέρειες βιβλιογραφικής εγγραφής
Κύριος συγγραφέας: Rosenwein, Barbara H.
Μορφή: Βιβλίο
Γλώσσα:English
Δημοσίευση: Ithaca, N.Y. : Cornell University Press, c2006
Θέματα:
Ετικέτες: Προσθήκη ετικέτας
Δεν υπάρχουν, Καταχωρήστε ετικέτα πρώτοι!

MARC

LEADER 00000nam a2200000 i 4500
001 1/26813
008 130301s2006 eng d
020 |a 978-0-8014-7416-3 
035 |l 10113899 
040 |a GR-MY-UA  |b gre  |e aacr 
041 0 |a eng 
082 0 |a 152.4094  |2 (22) 
100 1 |a Rosenwein, Barbara H. 
245 1 0 |a Emotional communities in the early Middle Ages /  |c Barbara H. Rosenwein 
260 |a Ithaca, N.Y. :   |b Cornell University Press,   |c c2006 
300 |a xv, 228 σ.;  |c 23 εκ. 
504 |a Περιλαμβάνει βιβλιογραφία και ευρετήριο 
505 0 |a The ancient legacy -- Confronting death -- Passions and power -- The poet and the bishop -- Courtly discipline -- Reveling in rancor 
650 0 0 |a Emotions  |x History. 
650 0 0 |a Social history  |y Medieval, 500-1500. 
852 |a INST  |b LESVOS  |e 20130301  |h 152.4094 ROS  |p 005100051813  |q 005100051813  |t BK  |y 0 
901 |a BIBL1-2013-1 
909 |a Λ  |b 177621 
922 |a 1ΕΛΗ  |b 201210  |c ΤΜΗΜΑ ΚΟΙΝΩΝΙΚΗΣ ΑΝΘΡΩΠΟΛΟΓΙΑΣ ΚΑΙ ΙΣΤΟΡΙΑΣ  |d ΙΩΑΝΝΙΔΟΥ 
970 |a ΤΖΑΦΕΡΗ  |b ΕΥΑΓΓΕΛΙΑ  |z 2013/03/01